000 00254nam a2200097Ia 4500
001 1250599
005 20251031150859.0
008 251031s9999 xx 000 0 und d
245 0 _cHALİT KAKINÇ
_aB-5 YAZILMAMIŞ BİR TARİH
260 _bDESTEK YAYINLARI
999 _c1250599
_d1250599